书目信息 |
| 题名: |
农用气象解读
|
|
| 作者: | 黄智敏, 著 | |
| 分册: | ||
| 出版信息: | 北京 金盾出版社 2010 |
|
| 页数: | 113页 | |
| 开本: | 19cm | |
| 丛书名: | ||
| 单 册: | ||
| 中图分类: | S16 | |
| 科图分类: | ||
| 主题词: | 农业气象 | |
| 电子资源: | ||
| ISBN: | 978-7-5082-6509-4 | |
| 000 | 00758nam0 2200217 450 | |
| 001 | 2347590518 | |
| 005 | 20231211131320.77 | |
| 010 | @a978-7-5082-6509-4@dCNY8.00 | |
| 100 | @a20100813d2010 em y0chiy50 ea | |
| 101 | 0 | @achi |
| 102 | @aCN@b110000 | |
| 105 | @ay z 000yy | |
| 200 | 1 | @a农用气象解读@Anong yong qi xiang jie du@f黄智敏著 |
| 210 | @a北京@c金盾出版社@d2010 | |
| 215 | @a113页@d19cm | |
| 330 | @a本书以生产和生活中与农业气象有关的实例为题, 分8个部分设53个题目进行介绍, 即农家测天窍门、特异气象解疑、生活气象应知、物候奇观有因、因天科学施策、巧用气候资源、气象防灾减灾、应对气候复杂化。 | |
| 606 | 0 | @a农业气象 |
| 690 | @aS16@v5 | |
| 701 | 0 | @a黄智敏,@Ahuang zhi min@f1940-@4著 |
| 801 | 0 | @aCN@b湖北三新@c20101111 |
| 905 | @aZUCC@dS16@e12 | |
| 农用气象解读/黄智敏著.-北京:金盾出版社,2010 |
| 113页;19cm |
| ISBN 978-7-5082-6509-4:CNY8.00 |
| 本书以生产和生活中与农业气象有关的实例为题, 分8个部分设53个题目进行介绍, 即农家测天窍门、特异气象解疑、生活气象应知、物候奇观有因、因天科学施策、巧用气候资源、气象防灾减灾、应对气候复杂化。 |
| ● |
| 相关链接 |
|
|
|
正题名:农用气象解读
索取号:S16/12
 
预约/预借
| 序号 | 登录号 | 条形码 | 馆藏地/架位号 | 状态 | 备注 |
| 1 | 2001439019 | 2001439019 | 516书库/ [索取号:S16/12] | 在馆 | |
| 2 | 2001439020 | 2001439020 | 516书库/ [索取号:S16/12] | 在馆 | |
| 3 | 2001439021 | 2001439021 | 516书库/ [索取号:S16/12] | 在馆 | |
| 4 | 2001439022 | 2001439022 | 516书库/ [索取号:S16/12] | 在馆 | |
| 5 | 2001439023 | 2001439023 | 516书库/ [索取号:S16/12] | 在馆 | |
| 6 | 2001439024 | 2001439024 | 516书库/ [索取号:S16/12] | 在馆 | |
| 7 | 2001439025 | 2001439025 | 516书库/ [索取号:S16/12] | 在馆 | |
| 8 | 2001439026 | 2001439026 | 516书库/ [索取号:S16/12] | 在馆 | |
| 9 | 2001439027 | 2001439027 | 516书库/ [索取号:S16/12] | 在馆 | |
| 10 | 2001439028 | 2001439028 | 516书库/ [索取号:S16/12] | 在馆 | |
| 11 | 2001439029 | 2001439029 | 516书库/ [索取号:S16/12] | 在馆 | |
| 12 | 2001439030 | 2001439030 | 516书库/ [索取号:S16/12] | 在馆 | |
| 13 | 2001439031 | 2001439031 | 516书库/ [索取号:S16/12] | 在馆 | |
| 14 | 2001439032 | 2001439032 | 516书库/ [索取号:S16/12] | 在馆 | |
| 15 | 2001439033 | 2001439033 | 516书库/ [索取号:S16/12] | 在馆 | |
| 16 | 2001439034 | 2001439034 | 516书库/ [索取号:S16/12] | 在馆 | |
| 17 | 2001439035 | 2001439035 | 516书库/ [索取号:S16/12] | 在馆 | |
| 18 | 2001439036 | 2001439036 | 516书库/ [索取号:S16/12] | 在馆 | |
| 19 | 2001439037 | 2001439037 | 516书库/ [索取号:S16/12] | 在馆 | |
| 20 | 2001439038 | 2001439038 | 516书库/ [索取号:S16/12] | 在馆 | |
| 21 | 2001439039 | 2001439039 | 516书库/ [索取号:S16/12] | 在馆 | |
| 22 | 2001439040 | 2001439040 | 516书库/ [索取号:S16/12] | 在馆 | |
| 23 | 2001439041 | 2001439041 | 516书库/ [索取号:S16/12] | 在馆 | |
| 24 | 2001439042 | 2001439042 | 516书库/ [索取号:S16/12] | 在馆 | |
| 25 | 2001439043 | 2001439043 | 516书库/ [索取号:S16/12] | 在馆 | |
| 26 | 2001439044 | 2001439044 | 516书库/ [索取号:S16/12] | 在馆 | |
| 27 | 2001439045 | 2001439045 | 516书库/ [索取号:S16/12] | 在馆 | |
| 28 | 2001439046 | 2001439046 | 516书库/ [索取号:S16/12] | 在馆 | |
| 29 | 2001439047 | 2001439047 | 516书库/ [索取号:S16/12] | 在馆 | |
| 30 | 2001439048 | 2001439048 | 516书库/ [索取号:S16/12] | 在馆 |